<?xml version="1.0" encoding="UTF-8"?>
<record
    xmlns:xsi="http://www.w3.org/2001/XMLSchema-instance"
    xsi:schemaLocation="http://www.loc.gov/MARC21/slim http://www.loc.gov/standards/marcxml/schema/MARC21slim.xsd"
    xmlns="http://www.loc.gov/MARC21/slim">

  <leader>01075cam a2200265a 44500</leader>
  <controlfield tag="003">OSt</controlfield>
  <controlfield tag="005">20150408113742.0</controlfield>
  <controlfield tag="008">030308s1999 ua g 00000 ara dd</controlfield>
  <datafield tag="040" ind1=" " ind2=" ">
    <subfield code="a">SA-RiAUC</subfield>
    <subfield code="b">ara</subfield>
    <subfield code="c">SA-RiAUC</subfield>
  </datafield>
  <datafield tag="041" ind1=" " ind2=" ">
    <subfield code="a">&#x639;&#x631;&#x628;&#x64A;</subfield>
  </datafield>
  <datafield tag="072" ind1=" " ind2=" ">
    <subfield code="a">028</subfield>
    <subfield code="x">&#x627;&#x644;&#x634;&#x631;&#x64A;&#x639;&#x629; &#x627;&#x644;&#x625;&#x633;&#x644;&#x627;&#x645;&#x64A;&#x629; &#x648;&#x627;&#x644;&#x641;&#x642;&#x647; &#x627;&#x644;&#x625;&#x633;&#x644;&#x627;&#x645;&#x64A;</subfield>
  </datafield>
  <datafield tag="082" ind1="0" ind2="4">
    <subfield code="a">252 &#x627; &#x645; &#x62F;</subfield>
  </datafield>
  <datafield tag="092" ind1=" " ind2=" ">
    <subfield code="a">252</subfield>
    <subfield code="b">&#x627; &#x645; &#x62F;</subfield>
  </datafield>
  <datafield tag="100" ind1="1" ind2=" ">
    <subfield code="a">&#x623;&#x62D;&#x645;&#x62F;&#x60C; &#x645;&#x62D;&#x645;&#x62F; &#x645;&#x62D;&#x645;&#x648;&#x62F;.</subfield>
    <subfield code="9">1675</subfield>
  </datafield>
  <datafield tag="245" ind1="1" ind2="0">
    <subfield code="a">&#x62F;&#x639;&#x627;&#x621; &#x645;&#x62D;&#x645;&#x62F; &#x631;&#x633;&#x648;&#x644; &#x627;&#x644;&#x644;&#x647; &#x635;&#x644;&#x649; &#x627;&#x644;&#x644;&#x647; &#x639;&#x644;&#x64A;&#x647; &#x648;&#x633;&#x644;&#x645; &#x62E;&#x627;&#x62A;&#x645; &#x627;&#x644;&#x623;&#x646;&#x628;&#x64A;&#x627;&#x621; &#x648;&#x627;&#x644;&#x645;&#x631;&#x633;&#x644;&#x64A;&#x646; /</subfield>
    <subfield code="c">&#x645;&#x62D;&#x645;&#x62F; &#x645;&#x62D;&#x645;&#x648;&#x62F; &#x623;&#x62D;&#x645;&#x62F;&#x60C; &#x645;&#x648;&#x633;&#x649; &#x627;&#x644;&#x62E;&#x637;&#x64A;&#x628;.</subfield>
  </datafield>
  <datafield tag="250" ind1=" " ind2=" ">
    <subfield code="a">&#x637;. 1.</subfield>
  </datafield>
  <datafield tag="260" ind1=" " ind2=" ">
    <subfield code="a">&#x627;&#x644;&#x642;&#x627;&#x647;&#x631;&#x629;</subfield>
    <subfield code="b">&#x645;&#x631;&#x643;&#x632; &#x627;&#x644;&#x643;&#x62A;&#x627;&#x628; &#x644;&#x644;&#x646;&#x634;&#x631;&#x60C;</subfield>
    <subfield code="c">1419 = 1999</subfield>
  </datafield>
  <datafield tag="300" ind1=" " ind2=" ">
    <subfield code="a">95 &#x635;. &#x61B;</subfield>
    <subfield code="c">24 &#x633;&#x645;.0 </subfield>
  </datafield>
  <datafield tag="440" ind1=" " ind2=" ">
    <subfield code="a">&#x622;&#x64A;&#x627;&#x62A; &#x627;&#x644;&#x62F;&#x639;&#x627;&#x621; &#x641;&#x64A; &#x627;&#x644;&#x642;&#x631;&#x622;&#x646; &#x627;&#x644;&#x643;&#x631;&#x64A;&#x645;. 7</subfield>
    <subfield code="9">1676</subfield>
  </datafield>
  <datafield tag="650" ind1=" " ind2=" ">
    <subfield code="a">&#x627;&#x644;&#x623;&#x62F;&#x639;&#x64A;&#x629; (&#x625;&#x633;&#x644;&#x627;&#x645;)</subfield>
    <subfield code="2">aucsh. 7</subfield>
    <subfield code="9">302</subfield>
  </datafield>
  <datafield tag="650" ind1=" " ind2=" ">
    <subfield code="a">&#x627;&#x644;&#x639;&#x628;&#x627;&#x62F;&#x627;&#x62A; (&#x641;&#x642;&#x647; &#x625;&#x633;&#x644;&#x627;&#x645;&#x64A;)</subfield>
    <subfield code="2">aucsh. 7</subfield>
  </datafield>
  <datafield tag="650" ind1=" " ind2=" ">
    <subfield code="a">&#x627;&#x644;&#x623;&#x62F;&#x639;&#x64A;&#x629; &#x648;&#x627;&#x644;&#x623;&#x648;&#x631;&#x627;&#x62F;</subfield>
    <subfield code="2">aucsh.1 </subfield>
    <subfield code="9">1677</subfield>
  </datafield>
  <datafield tag="700" ind1=" " ind2=" ">
    <subfield code="a">&#x627;&#x644;&#x62E;&#x637;&#x64A;&#x628;&#x60C; &#x645;&#x648;&#x633;&#x649;.\\</subfield>
    <subfield code="9">1678</subfield>
  </datafield>
  <datafield tag="942" ind1=" " ind2=" ">
    <subfield code="2">ddc</subfield>
    <subfield code="c">BOOK</subfield>
  </datafield>
  <datafield tag="999" ind1=" " ind2=" ">
    <subfield code="c">2949</subfield>
    <subfield code="d">237449</subfield>
  </datafield>
  <datafield tag="952" ind1=" " ind2=" ">
    <subfield code="1">0</subfield>
    <subfield code="2">2013-03-10</subfield>
    <subfield code="4">0</subfield>
    <subfield code="7">0</subfield>
    <subfield code="a">252 &#xD8;&#xA7; &#xD9;&#x85; &#xD8;&#xAF;</subfield>
    <subfield code="d">2011-05-17</subfield>
    <subfield code="h">EMF</subfield>
    <subfield code="m">EMF</subfield>
    <subfield code="r">2013-03-10 00:00:00</subfield>
    <subfield code="y">0</subfield>
  </datafield>
  <datafield tag="952" ind1=" " ind2=" ">
    <subfield code="1">0</subfield>
    <subfield code="2">2013-03-10</subfield>
    <subfield code="4">0</subfield>
    <subfield code="7">0</subfield>
    <subfield code="a">252 &#x627; &#x645; &#x62F;</subfield>
    <subfield code="d">2011-07-31</subfield>
    <subfield code="h">EMF</subfield>
    <subfield code="i">00022847</subfield>
    <subfield code="m">EMF</subfield>
    <subfield code="r">2013-03-10 00:00:00</subfield>
    <subfield code="t">BOOK</subfield>
    <subfield code="w">ddc</subfield>
    <subfield code="y">0</subfield>
  </datafield>
  <datafield tag="952" ind1=" " ind2=" ">
    <subfield code="1">0</subfield>
    <subfield code="2">2013-03-10</subfield>
    <subfield code="4">0</subfield>
    <subfield code="7">0</subfield>
    <subfield code="a">252 &#x627; &#x645; &#x62F;</subfield>
    <subfield code="d">2011-08-24</subfield>
    <subfield code="h">EMF</subfield>
    <subfield code="i">00023330</subfield>
    <subfield code="m">EMF</subfield>
    <subfield code="r">2013-03-10 00:00:00</subfield>
    <subfield code="t">BOOK</subfield>
    <subfield code="w">ddc</subfield>
    <subfield code="y">0</subfield>
  </datafield>
</record>
